|
|
|
|
| LEADER |
00000naa a2200000uu 4500 |
| 001 |
vtls010943481 |
| 003 |
SK-MaSNL |
| 005 |
20260302121432.0 |
| 008 |
210902|1997 xo |||||||||||||||||eng| |
| 015 |
|
|
|a SNBRA
|
| 035 |
|
|
|a (urnnbn)urn:nbn:sk:snk:ar-a0bdpb
|
| 035 |
|
|
|a (uuid)3499d00d-13d7-47c8-a2f6-8c6ff3b5f46c
|
| 035 |
|
|
|a urn:nbn:sk:snk-aau5x9
|
| 040 |
|
|
|a SNKBUCL
|b slo
|c SNKBUCL
|e AACR2
|
| 041 |
0 |
|
|a eng
|
| 044 |
|
|
|a xo
|c SK
|
| 100 |
1 |
|
|a Konôpka, Jozef
|4 aut
|9 276743
|
| 245 |
1 |
0 |
|a FORESTS AND FORESTRY IN THE SLOVAK REPUBLIC
|c Jozef Konôpka
|
| 773 |
0 |
|
|t Workshop on institution building, framework conditions and policy infrastructure for sustainable development of forestry under market economy conditions, Slovakia, Smolenice, 30 June-4 July, 1996
|d Zvolen : Forest Research Institute, 1997
|g S. 27-29
|z 808885301X
|
| 958 |
|
|
|a OND
|
| 958 |
|
|
|a article11
|
| 958 |
|
|
|a chapter
|
| 999 |
|
|
|c 1274021
|d 1275951
|